| 000 | 00664nam a2200217 i 4500 | ||
|---|---|---|---|
| 001 | 5852 | ||
| 003 | ES-MaACL | ||
| 005 | 20250224003349.0 | ||
| 008 | 890531s1988 sp ||||1| spa d | ||
| 020 | _a84-86747-07-4 | ||
| 080 | _a821.134.2 García Lorca, Federico 7 Bodas de Sangre.091 | ||
| 080 | _a343.9(46)"19" | ||
| 100 | 1 |
_aArce, Carlos de. _922446 |
|
| 245 | 1 | 3 |
_aEl crimen de Níjar / _cCarlos de Arce. |
| 250 | _a1ª ed. | ||
| 260 |
_aCalella, Barcelona : _bSeuba, _c1988. |
||
| 300 |
_a157 p. : _bil. ; _c19 cm. |
||
| 600 | 1 | 4 |
_aGarcía Lorca, Federico, _d1898-1936. _tBodas de sangre _954858 |
| 852 | 4 |
_aES-MaACL _jL-12977 |
|
| 999 |
_c5852 _d5852 |
||